000 01024nam a2200301Ia 4500
001 Para_9717
003 CHAP
008 220125s9999 xx 000 0 und d
010 _a205264
040 _cCHAP
090 _aPA TESIS 2338
100 _aFranco Sánchez, Mario Alberto
_942983
245 _aManejo biológico y químico del Moho gris (Botrytis cinerea Pers) en el cultivo de fresa (Fragaria x ananassa duch) /
_c Mario Alberto Franco Sánchez
260 _aChapingo, Méx. :
_b el autor, 2011
300 _a73 h.
502 _aTesis (Ing. Agr. Esp. en Parasitología Agrícola). UACh.Departamento Parasitología Agrícola
650 _aFresa
_x enfermedades
_943202
650 _aFungicidas
_944044
650 _aHongos fitopatogenos
_956132
710 _aUACh. Departamento Parasitología Agrícola
_9164025
901 _aPA TESIS 2338
902 _aA
905 _a523220 an 8000000000 06
910 _a
942 _cPARA
942 _cPARA
_d2
999 _c205264
_d205264